Reglamento de la Sociedad Excursionista a las Exposiciones Universales y Nacionales
Descripción Física:
19 p. ; 15'5 cm
MARC
| LEADER | 00000nam a2200000Ia 4500 | ||
|---|---|---|---|
| 001 | 6138 | ||
| 008 | 160829s1898) xx 000 0 cat d | ||
| 080 | |a RF-3-73 | ||
| 100 | |a Sociedad Excursionista a las Exposiciones Universales y Nacionales (Vilanova i la Geltrú) |9 48437 | ||
| 245 | |a Reglamento de la Sociedad Excursionista a las Exposiciones Universales y Nacionales | ||
| 260 | |a Villanueva y Geltrú : |b (Imp. José A. Milá, |c 1898) | ||
| 300 | |a 19 p. ; |c 15'5 cm | ||
| 590 | |a Altre nom de la societat: Sociedad Excursionista a las Exposiciones. | ||
| 590 | |a Hi ha un duplicat, DUP-186-43, que prové de 4210, exp. 3 | ||
| 650 | |a Sociedad Excursionista a las Exposiciones Universales y Nacionales (Vilanova i la Geltrú) |x Reglaments i procediment |9 48438 | ||
| 856 | 4 | |u https://media.diba.cat/diba/fitxers/arxiu/fulletons/bib_6138_1898_baixa.pdf |y Accés lliure | |
| 856 | 4 | |u https://media.diba.cat/diba/fitxers/arxiu/fulletons/bib_6138_1898_baixa.pdf |y Accés lliure | |
| 901 | |a Arxiu | ||
| 942 | |n 1 |2 udc | ||
| 952 | |0 0 |1 0 |4 0 |6 RF373 |7 1 |9 54548 |a Arxiu |b Arxiu |d 2016-12-01 |l 0 |o RF-3-73 |p 6138 |r 2016-12-01 00:00:00 |w 2016-12-01 |y ARXIU | ||
| 999 | |c 58417 |d 58417 | ||
| 900 | |a bib_6138_1898_baixa.pdf | ||